[Event "EIWCC 2017"]
[Site "Riga"]
[Date "2017.04.14"]
[Round "4"]
[White "Arabidze, Meri"]
[Black "Khotenashvili, Bela"]
[Result "1/2-1/2"]
[WhiteElo "2373"]
[BlackElo "2445"]
[Annotator "TA"]
[PlyCount "196"]
[EventDate "2017.??.??"]
[EventType "swiss"]
[EventCountry "LAT"]
[SourceTitle "playchess.com"]
[Source "ChessBase"]
[SourceQuality "1"]

{[%evp 19,196,30,45,0,0,0,10,2,35,0,0,-13,0,-31,0,14,15,5,12,0,25,7,49,44,72,70,87,89,103,89,122,102,107,118,211,109,131,122,139,79,77,80,80,66,79,43,71,70,71,71,79,72,79,74,85,0,87,64,61,68,69,62,72,65,96,105,127,114,151,142,183,162,228,220,209,164,165,153,143,139,193,154,158,148,131,139,227,221,333,320,462,458,395,300,418,420,376,364,306,225,260,90,90,90,90,90,97,31,92,0,0,0,0,0,0,0,0,0,3,0,1,8,10,10,10,10,10,8,10,10,10,10,10,14,40,20,66,8,12,14,31,10,121,10,10,10,10,12,13,13,13,2,2,2,2,8,200,202,701,701,618,0,0,0,509,497,551,0,0,0,0,0,0,4,2,8,10,10,10]} 1. Nf3 Nf6 2. d4 g6 3. g3 Bg7 4. Bg2 c5 5. d5 d6 6. O-O O-O 7. Nc3 Na6 8. Nd2 Rb8 {A43: Schmid Benoni} 9. a4 Nc7 (9... Nb4 10. Nc4 Bd7 11. e4 Qc8 12. Nb5 a6 13. Nba3 b5 14. Ne3 c4 15. Bd2 Qc5 16. a5 Nxe4 17. Bxe4 Bxb2 {1-0 (47) Lafuente,P (2524)-Tristan,L (2393) La Plata 2009}) 10. Nc4 b6 {LiveBook: 6 Games. White has an edge.} 11. Nb5 Nxb5 $146 (11... a6 12. Nxc7 Qxc7 13. e4 b5 14. axb5 axb5 15. Ne3 Bd7 16. f4 {1-0 (33) Leuchter,G-Roeder,G (2192) Coburg 1975}) 12. axb5 Bd7 13. Na3 Ne8 14. h4 Nc7 15. Qd3 Ra8 16. h5 a6 17. bxa6 b5 18. h6 Bf6 19. c3 c4 20. Qf3 Rxa6 21. Bf4 e5 22. dxe6 $1 Nxe6 23. Nc2 $36 {[%mdl 2048] White is on the roll.} Bc6 24. Qg4 $1 Rxa1 25. Rxa1 Bxg2 26. Kxg2 Qc8 (26... d5 $16) 27. Qf3 (27. Bxd6 $18 Re8 28. Qf3) 27... Nxf4+ 28. Qxf4 Qc6+ 29. Qf3 (29. Kh2 $142 Be5 30. Qf3) 29... Qxf3+ $16 30. Kxf3 {[%mdl 4096] Endgame KRB-KRN} Bg5 31. e3 Bxh6 32. Ra6 Rb8 33. Rxd6 Bf8 34. Rc6 h5 35. Nd4 Kg7 36. Rc7 Bd6 37. Rc6 Bf8 $1 38. Ke4 Re8+ 39. Kf4 Rb8 40. Kf3 Be7 41. Ke4 Bf8 42. f4 Re8+ 43. Kf3 Rb8 44. e4 {[%cal Be3e4,Be4e5][%mdl 32]} Be7 45. e5 Kf8 (45... Kg8 $142 46. Rc7 Bf8) 46. Rc7 $18 Bd8 47. Rc5 b4 48. Rxc4 bxc3 49. bxc3 Ke8 (49... h4 $16 {was worth a try.} 50. gxh4 Bxh4) 50. Rb4 Rc8 51. Nb5 {And now Nd6+ would win.} Be7 52. Ra4 Rb8 (52... Kf8 $16 {is a better defense.} 53. Ke4 f6 54. exf6 Bxf6) 53. c4 $1 Bc5 (53... Rd8 {was called for.} 54. Ke4 Bc5) 54. Ra6 Rc8 (54... Rd8 {keeps fighting.} 55. Rc6 Bb4) 55. Ke4 Ke7 56. Nd4 Bxd4 57. Kxd4 {KR-KR} Rd8+ 58. Ke4 Rd1 59. Ra3 Ke6 60. Rc3 $2 (60. c5 $1 $18 {and the rest is easy.}) 60... Re1+ $16 61. Kd4 Rd1+ 62. Rd3 Rf1 63. Ke4 ({White should try} 63. Kc5 $16) 63... Re1+ {[#]} (63... Rc1 $1 $14) 64. Kf3 (64. Re3 $1 $16 {[%cal Re3e1]} Rc1 65. Kd4) 64... Rc1 $1 $11 65. Rd6+ Ke7 66. Rc6 Kd7 67. Rc5 Rc2 68. Ke3 Rc3+ 69. Kf2 Rc2+ 70. Kf3 Rc3+ 71. Kg2 Rc1 72. Kh2 Ra1 73. Rd5+ Ke7 74. Rb5 Rc1 75. Rb7+ Ke6 76. Rc7 Rc2+ 77. Kh3 Rc1 $1 78. c5 (78. Kh4 $1 $14) 78... Rh1+ 79. Kg2 Rc1 80. c6 Rc4 (80... Rc3 $11) 81. Rc8 (81. Kf3 $16) 81... Kf5 82. Kh3 Rc1 83. Rf8 Ke6 84. Re8+ Kf5 $1 85. Re7 f6 86. exf6 Kxf6 87. Rc7 Kf5 $2 {[#]} (87... Ke6 $1 $11 {and Black stays safe.}) 88. Rc8 $1 $18 Rh1+ $2 (88... Kf6 89. c7 Kg7) 89. Kg2 Rc1 90. Kh3 Rh1+ $1 91. Kg2 Rc1 {intending ...Kg4.} 92. c7 {Threatens to win with Rf8+.} Kg4 93. Rg8 $2 (93. Kf2 $18 {f5! is the strong threat.} Kh3 94. Kf3) 93... Rc2+ $11 {The position is equal.} 94. Kg1 Rxc7 95. Rxg6+ Kf3 96. f5 Ke4 97. Rg5 Rf7 98. Rxh5 Rxf5 1/2-1/2

[Event "EIWCC 2017"]
[Site "Riga"]
[Date "2017.04.14"]
[Round "4"]
[White "Osmanodja, Filiz"]
[Black "Vidruska, Renate"]
[Result "1/2-1/2"]
[WhiteElo "2370"]
[BlackElo "2093"]
[Annotator "NA"]
[PlyCount "97"]
[EventDate "2017.??.??"]
[EventType "swiss"]
[EventCountry "LAT"]
[SourceTitle "playchess.com"]
[Source "ChessBase"]
[SourceQuality "1"]
[TimeControl "40/5400+30:1800+30"]

1. e4 {[%emt 0:00:00]} e5 {[%emt 0:00:03]} 2. Nf3 {[%emt 0:00:00]} Nf6 {[%emt 0:00:05]} 3. Nxe5 {[%emt 0:00:00]} d6 {[%emt 0:00:12]} 4. Nf3 {[%emt 0:00:00]} Nxe4 {[%emt 0:00:07]} 5. Nc3 {[%emt 0:00:00]} Nxc3 {[%emt 0:00:53]} 6. dxc3 {[%emt 0:00:00]} Be7 {[%emt 0:00:41]} 7. Be3 {[%emt 0:00:00]} Nc6 {[%emt 0:01:28]} 8. Qd2 {[%emt 0:00:11]} Be6 {[%emt 0:06:26]} 9. O-O-O {[%emt 0:01:05]} Qd7 {[%emt 0:01:58]} 10. Kb1 {[%emt 0:00:59]} a6 {[%emt 0:01:51]} 11. h4 {[%emt 0:06:33]} h6 {[%emt 0:00:33]} 12. Nd4 {[%emt 0:00:50]} Nxd4 {[%emt 0:02:21]} 13. Bxd4 {[%emt 0:00:18]} O-O {[%emt 0:11:46]} 14. f3 {[%emt 0:02:19]} Qa4 {[%emt 0:05:00]} 15. b3 {[%emt 0:07:12]} Qa5 {[%emt 0:00:08]} 16. g4 {[%emt 0:14:52]} Rfe8 {[%emt 0:03:20]} 17. Kb2 {[%emt 0:07:50]} c5 {[%emt 0:18:12]} 18. Be3 {[%emt 0:03:21]} d5 {[%emt 0:00:58]} 19. Bd3 {[%emt 0:13:52]} Bf8 {[%emt 0:20:33]} 20. h5 {[%emt 0:07:22]} c4 {[%emt 0:04:53]} 21. Bf5 {[%emt 0:03:20]} d4 {[%emt 0:12:33]} 22. Bxd4 {[%emt 0:03:17]} cxb3 {[%emt 0:00:13]} 23. cxb3 {[%emt 0:03:57]} Bxf5 {[%emt 0:00:02]} 24. gxf5 {[%emt 0:00:15]} Qxf5 {[%emt 0:00:01]} 25. Rdg1 {[%emt 0:07:49]} Kh7 {[%emt 0:03:31]} 26. Rh4 {[%emt 0:05:54]} Qxf3 {[%emt 0:02:45]} 27. Rhg4 {[%emt 0:00:20]} f6 {[%emt 0:01:17]} 28. R1g2 {[%emt 0:07:39]} Rad8 {[%emt 0:00:51]} 29. R4g3 {[%emt 0:02:51]} Qf5 {[%emt 0:00:44]} 30. Rf2 {[%emt 0:01:18]} Qe4 {[%emt 0:00:51]} 31. Rd3 {[%emt 0:01:25]} Qe1 {[%emt 0:00:39]} 32. Qc2 {[%emt 0:00:14]} Kg8 {[%emt 0:00:07]} 33. Rg3 {[%emt 0:00:48]} Qe4 {[%emt 0:00:47]} 34. Bxf6 {[%emt 0:00:30]} Qxc2+ {[%emt 0:00:35]} 35. Kxc2 {[%emt 0:00:09]} Rd7 {[%emt 0:00:23]} 36. Rfg2 {[%emt 0:00:31]} Rf7 {[%emt 0:00:24]} 37. Bd4 {[%emt 0:00:41]} Re4 {[%emt 0:00:15]} 38. Rg6 {[%emt 0:00:40]} Kh7 {[%emt 0:00:18]} 39. R6g4 {[%emt 0:00:26]} Rxg4 {[%emt 0:01:08]} 40. Rxg4 {[%emt 0:00:00]} Rf5 {[%emt 0:00:06]} 41. Rh4 {[%emt 0:00:36]} g6 {[%emt 0:03:39]} 42. hxg6+ {[%emt 0:01:38]} Kxg6 {[%emt 0:01:33]} 43. Be3 {[%emt 0:08:27]} h5 {[%emt 0:04:00]} 44. Re4 {[%emt 0:00:36]} Bd6 {[%emt 0:01:57]} 45. Re6+ {[%emt 0:04:58]} Rf6 {[%emt 0:00:06]} 46. Re8 {[%emt 0:00:03]} Rf8 {[%emt 0:00:26]} 47. Re6+ {[%emt 0:02:24]} Rf6 {[%emt 0:00:06]} 48. Re8 {[%emt 0:01:26]} Rf8 {[%emt 0:00:05]} 49. Re6+ {[%emt 0:00:28]} 1/2-1/2

[Event "EIWCC 2017"]
[Site "Riga"]
[Date "2017.04.14"]
[Round "4"]
[White "Badelka, Olga"]
[Black "Gevorgyan, Maria"]
[Result "0-1"]
[WhiteElo "2362"]
[BlackElo "2227"]
[Annotator "NA"]
[PlyCount "86"]
[EventDate "2017.??.??"]
[EventType "swiss"]
[EventCountry "LAT"]
[SourceTitle "playchess.com"]
[Source "ChessBase"]
[SourceQuality "1"]
[TimeControl "40/5400+30:1800+30"]

1. c4 {[%emt 0:00:00]} Nf6 {[%emt 0:00:16]} 2. d4 {[%emt 0:00:00]} e6 {[%emt 0:00:05]} 3. Nc3 {[%emt 0:00:00]} Bb4 {[%emt 0:00:04]} 4. Qc2 {[%emt 0:00:00]} O-O {[%emt 0:00:12]} 5. a3 {[%emt 0:00:00]} Bxc3+ {[%emt 0:00:05]} 6. Qxc3 {[%emt 0:00:02]} b6 {[%emt 0:00:28]} 7. Bg5 {[%emt 0:00:27]} Bb7 {[%emt 0:00:12]} 8. e3 {[%emt 0:00:11]} d6 {[%emt 0:00:06]} 9. Ne2 {[%emt 0:00:38]} Nbd7 {[%emt 0:01:04]} 10. Qc2 {[%emt 0:00:33]} c5 {[%emt 0:04:36]} 11. Rd1 {[%emt 0:00:09]} Qc7 {[%emt 0:11:15]} 12. Nc3 {[%emt 0:00:33]} a6 {[%emt 0:01:17]} 13. Be2 {[%emt 0:15:13]} h6 {[%emt 0:16:10]} 14. Bh4 {[%emt 0:03:30]} cxd4 {[%emt 0:00:28]} 15. Rxd4 {[%emt 0:01:38]} Bxg2 {[%emt 0:16:56]} 16. Rg1 {[%emt 0:00:05]} Bb7 {[%emt 0:02:16]} 17. Qd1 {[%emt 0:19:15]} d5 {[%emt 0:04:41]} 18. Bg3 {[%emt 0:01:30]} Qc8 {[%emt 0:06:08]} 19. cxd5 {[%emt 0:01:10]} exd5 {[%emt 0:01:37]} 20. Rh4 {[%emt 0:04:47]} Kh8 {[%emt 0:11:22]} 21. Bf4 {[%emt 0:04:13]} Nh7 {[%emt 0:00:06]} 22. Qd4 {[%emt 0:23:22]} f6 {[%emt 0:00:24]} 23. Bd3 {[%emt 0:04:37]} Qc5 {[%emt 0:04:04]} 24. Qa4 {[%emt 0:00:06]} Rf7 {[%emt 0:00:32]} 25. Bg6 {[%emt 0:04:09]} Re7 {[%emt 0:00:21]} 26. Bxh7 {[%emt 0:00:25]} Kxh7 {[%emt 0:07:33]} 27. Qc2+ {[%emt 0:00:21]} Re4 {[%emt 0:00:31]} 28. f3 {[%emt 0:04:36]} Ne5 {[%emt 0:00:00]} 29. fxe4 {[%emt 0:05:00]} Nf3+ {[%emt 0:00:11]} 30. Kf2 {[%emt 0:00:17]} Nxh4 {[%emt 0:00:30]} 31. exd5+ {[%emt 0:01:10]} g6 {[%emt 0:00:28]} 32. Qd3 {[%emt 0:01:41]} Rd8 {[%emt 0:01:53]} 33. b4 {[%emt 0:01:48]} Qc8 {[%emt 0:04:28]} 34. e4 {[%emt 0:00:33]} g5 {[%emt 0:00:16]} 35. Bg3 {[%emt 0:02:11]} Ng6 {[%emt 0:00:01]} 36. Kg2 {[%emt 0:00:57]} h5 {[%emt 0:00:06]} 37. Kh1 {[%emt 0:00:30]} h4 {[%emt 0:00:01]} 38. Be1 {[%emt 0:00:54]} Qc7 {[%emt 0:05:35]} 39. Ne2 {[%emt 0:01:50]} Ne5 {[%emt 0:01:49]} 40. Qc3 {[%emt 0:00:00]} Qf7 {[%emt 0:00:22]} 41. Rxg5 {[%emt 0:21:43]} fxg5 {[%emt 0:00:41]} 42. Qxe5 {[%emt 0:02:19]} Qf3+ {[%emt 0:00:25]} 43. Kg1 {[%emt 0:00:06]} Rf8 {[%emt 0:00:07]} 0-1

[Event "EIWCC 2017"]
[Site "Riga"]
[Date "2017.04.14"]
[Round "4"]
[White "Mammadova, Gulnar"]
[Black "Semenova, Elena"]
[Result "1/2-1/2"]
[WhiteElo "2357"]
[BlackElo "2212"]
[Annotator "NA"]
[PlyCount "88"]
[EventDate "2017.??.??"]
[EventType "swiss"]
[EventCountry "LAT"]
[SourceTitle "playchess.com"]
[Source "ChessBase"]
[SourceQuality "1"]
[TimeControl "40/5400+30:1800+30"]

1. e4 {[%emt 0:00:00]} c5 {[%emt 0:00:14]} 2. Nf3 {[%emt 0:00:00]} e6 {[%emt 0:00:17]} 3. b3 {[%emt 0:00:02]} b6 {[%emt 0:00:54]} 4. Bb2 {[%emt 0:04:19]} Bb7 {[%emt 0:00:53]} 5. Qe2 {[%emt 0:00:34]} Nc6 {[%emt 0:01:23]} 6. g3 {[%emt 0:03:57]} d5 {[%emt 0:01:50]} 7. e5 {[%emt 0:02:35]} Nh6 {[%emt 0:06:43]} 8. Bg2 {[%emt 0:00:43]} Nf5 {[%emt 0:00:53]} 9. O-O {[%emt 0:00:36]} Be7 {[%emt 0:00:59]} 10. d3 {[%emt 0:02:45]} h5 {[%emt 0:11:22]} 11. Bh3 {[%emt 0:12:03]} d4 {[%emt 0:16:13]} 12. Nbd2 {[%emt 0:05:50]} g5 {[%emt 0:06:41]} 13. Bg2 {[%emt 0:05:06]} g4 {[%emt 0:01:25]} 14. Ne1 {[%emt 0:00:36]} Qc7 {[%emt 0:00:58]} 15. a4 {[%emt 0:02:46]} O-O-O {[%emt 0:08:07]} 16. Nc4 {[%emt 0:03:22]} h4 {[%emt 0:03:57]} 17. Bc1 {[%emt 0:05:09]} Nb4 {[%emt 0:02:55]} 18. Qxg4 {[%emt 0:09:29]} Bxg2 {[%emt 0:02:02]} 19. Kxg2 {[%emt 0:00:41]} Nd5 {[%emt 0:03:09]} 20. Bd2 {[%emt 0:06:01]} Rdg8 {[%emt 0:00:35]} 21. Qe4 {[%emt 0:00:36]} hxg3 {[%emt 0:08:15]} 22. fxg3 {[%emt 0:00:49]} Rh4 {[%emt 0:01:04]} 23. Qe2 {[%emt 0:03:14]} Rhg4 {[%emt 0:00:29]} 24. Kf2 {[%emt 0:07:27]} Bg5 {[%emt 0:08:20]} 25. Bxg5 {[%emt 0:04:41]} R4xg5 {[%emt 0:00:03]} 26. Nf3 {[%emt 0:01:27]} R5g7 {[%emt 0:00:25]} 27. Ke1 {[%emt 0:03:05]} a6 {[%emt 0:03:48]} 28. Kd2 {[%emt 0:03:22]} b5 {[%emt 0:02:09]} 29. axb5 {[%emt 0:00:32]} axb5 {[%emt 0:00:03]} 30. Nd6+ {[%emt 0:01:04]} Nxd6 {[%emt 0:00:50]} 31. exd6 {[%emt 0:00:05]} Qxd6 {[%emt 0:00:14]} 32. Qe5 {[%emt 0:01:27]} Qxe5 {[%emt 0:00:30]} 33. Nxe5 {[%emt 0:01:18]} f6 {[%emt 0:01:20]} 34. Nf3 {[%emt 0:05:09]} Kb7 {[%emt 0:02:03]} 35. Ra5 {[%emt 0:01:13]} Kb6 {[%emt 0:00:33]} 36. Rfa1 {[%emt 0:00:05]} Nb4 {[%emt 0:00:48]} 37. Ra8 {[%emt 0:00:44]} e5 {[%emt 0:00:54]} 38. Nh4 {[%emt 0:01:03]} Kc6 {[%emt 0:01:56]} 39. Rxg8 {[%emt 0:01:46]} Rxg8 {[%emt 0:00:03]} 40. Nf5 {[%emt 0:00:00]} Rh8 {[%emt 0:03:42]} 41. h4 {[%emt 0:01:08]} Kd5 {[%emt 0:08:00]} 42. g4 {[%emt 0:09:08]} e4 {[%emt 0:03:22]} 43. dxe4+ {[%emt 0:00:51]} Kxe4 {[%emt 0:00:05]} 44. Rf1 {[%emt 0:07:54]} Ke5 1/2-1/2

[Event "EIWCC 2017"]
[Site "Riga"]
[Date "2017.04.14"]
[Round "4"]
[White "Gara, Anita"]
[Black "Calzetta Ruiz, Monica"]
[Result "1-0"]
[WhiteElo "2354"]
[BlackElo "2257"]
[Annotator "NA"]
[PlyCount "71"]
[EventDate "2017.??.??"]
[EventType "swiss"]
[EventCountry "LAT"]
[SourceTitle "playchess.com"]
[Source "ChessBase"]
[SourceQuality "1"]
[TimeControl "40/5400+30:1800+30"]

1. e4 {[%emt 0:00:00]} c5 {[%emt 0:00:05]} 2. Nf3 {[%emt 0:00:00]} Nc6 {[%emt 0:00:19]} 3. d4 {[%emt 0:00:00]} cxd4 {[%emt 0:00:04]} 4. Nxd4 {[%emt 0:00:00]} g6 {[%emt 0:00:30]} 5. c4 {[%emt 0:00:00]} Nf6 {[%emt 0:00:11]} 6. Nc3 {[%emt 0:00:03]} d6 {[%emt 0:00:13]} 7. Be2 {[%emt 0:00:22]} Bg7 {[%emt 0:00:12]} 8. Be3 {[%emt 0:01:15]} O-O {[%emt 0:00:10]} 9. Qd2 {[%emt 0:04:38]} Bd7 {[%emt 0:02:33]} 10. f3 {[%emt 0:00:09]} Nxd4 {[%emt 0:00:43]} 11. Bxd4 {[%emt 0:00:03]} a5 {[%emt 0:00:16]} 12. O-O {[%emt 0:08:26]} Bc6 {[%emt 0:02:18]} 13. b3 {[%emt 0:03:17]} Nd7 {[%emt 0:00:13]} 14. Be3 {[%emt 0:00:16]} Nc5 {[%emt 0:00:33]} 15. Rac1 {[%emt 0:00:35]} e6 {[%emt 0:06:48]} 16. Nb5 {[%emt 0:02:08]} Be5 {[%emt 0:00:55]} 17. g3 {[%emt 0:00:17]} f5 {[%emt 0:23:37]} 18. Rcd1 {[%emt 0:01:35]} fxe4 {[%emt 0:03:06]} 19. f4 {[%emt 0:00:24]} Bg7 {[%emt 0:10:07]} 20. Qxd6 {[%emt 0:00:31]} Nd3 {[%emt 0:08:19]} 21. Qxe6+ {[%emt 0:05:48]} Kh8 {[%emt 0:01:08]} 22. Nd6 {[%emt 0:00:07]} Rf6 {[%emt 0:05:33]} 23. Bxd3 {[%emt 0:04:24]} Qf8 {[%emt 0:14:40]} 24. Qg4 {[%emt 0:06:04]} Rxd6 {[%emt 0:04:53]} 25. Bc2 {[%emt 0:01:47]} Rxd1 {[%emt 0:01:18]} 26. Rxd1 {[%emt 0:00:18]} Qb4 {[%emt 0:02:30]} 27. Qe2 {[%emt 0:12:54]} Qa3 {[%emt 0:01:42]} 28. Qd2 {[%emt 0:09:21]} Qxa2 {[%emt 0:02:11]} 29. Bd4 {[%emt 0:01:01]} Re8 {[%emt 0:00:04]} 30. Bxg7+ {[%emt 0:01:41]} Kxg7 {[%emt 0:00:02]} 31. Qc3+ {[%emt 0:00:25]} Kg8 {[%emt 0:00:37]} 32. Ra1 {[%emt 0:00:16]} Qxa1+ {[%emt 0:00:31]} 33. Qxa1 {[%emt 0:00:04]} e3 {[%emt 0:00:05]} 34. Kf1 {[%emt 0:00:28]} e2+ {[%emt 0:00:46]} 35. Ke1 {[%emt 0:00:04]} Bf3 {[%emt 0:06:19]} 36. Qxa5 {[%emt 0:03:34]} 1-0

[Event "EIWCC 2017"]
[Site "Riga"]
[Date "2017.04.14"]
[Round "4"]
[White "Milliet, Sophie"]
[Black "Isgandarova, Khayala"]
[Result "1/2-1/2"]
[WhiteElo "2352"]
[BlackElo "2211"]
[Annotator "NA"]
[PlyCount "46"]
[EventDate "2017.??.??"]
[EventType "swiss"]
[EventCountry "LAT"]
[SourceTitle "playchess.com"]
[Source "ChessBase"]
[SourceQuality "1"]
[TimeControl "40/5400+30:1800+30"]

1. e4 {[%emt 0:00:00]} e6 {[%emt 0:00:10]} 2. d4 {[%emt 0:00:00]} d5 {[%emt 0:00:03]} 3. Nc3 {[%emt 0:00:00]} Nf6 {[%emt 0:00:04]} 4. e5 {[%emt 0:00:00]} Nfd7 {[%emt 0:00:06]} 5. f4 {[%emt 0:00:00]} c5 {[%emt 0:00:07]} 6. Nf3 {[%emt 0:00:05]} Nc6 {[%emt 0:00:15]} 7. Be3 {[%emt 0:00:06]} Be7 {[%emt 0:00:14]} 8. Qd2 {[%emt 0:00:46]} O-O {[%emt 0:01:04]} 9. dxc5 {[%emt 0:02:43]} Nxc5 {[%emt 0:00:14]} 10. O-O-O {[%emt 0:02:21]} a6 {[%emt 0:16:17]} 11. h4 {[%emt 0:01:02]} b6 {[%emt 0:02:00]} 12. h5 {[%emt 0:14:21]} f5 {[%emt 0:02:52]} 13. exf6 {[%emt 0:10:03]} Bxf6 {[%emt 0:05:32]} 14. Nd4 {[%emt 0:00:09]} Nxd4 {[%emt 0:20:55]} 15. Bxd4 {[%emt 0:00:04]} Bb7 {[%emt 0:06:01]} 16. h6 {[%emt 0:37:02]} Bxd4 {[%emt 0:02:31]} 17. Qxd4 {[%emt 0:00:01]} Qf6 {[%emt 0:00:33]} 18. Kb1 {[%emt 0:04:10]} Qxd4 {[%emt 0:03:11]} 19. Rxd4 {[%emt 0:00:01]} gxh6 {[%emt 0:00:21]} 20. Be2 {[%emt 0:03:59]} Ne4 {[%emt 0:08:00]} 21. Nxe4 {[%emt 0:00:10]} Rxf4 {[%emt 0:00:21]} 22. Rxh6 {[%emt 0:01:45]} Raf8 {[%emt 0:09:46]} 23. b3 {[%emt 0:11:19]} dxe4 {[%emt 0:01:23]} 1/2-1/2

[Event "EIWCC 2017"]
[Site "Riga"]
[Date "2017.04.14"]
[Round "4"]
[White "Mammadzada, Gunay"]
[Black "Stefanova, Antoaneta"]
[Result "1-0"]
[WhiteElo "2348"]
[BlackElo "2527"]
[Annotator "TA"]
[PlyCount "69"]
[EventDate "2017.??.??"]
[EventType "swiss"]
[EventCountry "LAT"]
[SourceTitle "playchess.com"]
[Source "ChessBase"]
[SourceQuality "1"]

{[%evp 29,69,-22,-14,-23,-21,-21,-16,-10,-32,-31,0,0,0,-5,-4,-18,-12,-7,46,18,16,-117,35,46,37,45,28,37,35,42,119,0,125,129,347,101,977,1044,29985,29986,29998,29999]} 1. e4 e5 2. Nf3 Nc6 3. Bb5 {[%cal Bf1b5,Bb5a4,Ba4b3][%mdl 32]} a6 4. Ba4 Nf6 5. O-O Be7 6. Re1 b5 7. Bb3 d6 8. c3 O-O 9. d4 Bg4 10. Be3 exd4 11. cxd4 d5 12. e5 Ne4 13. h3 {C91: Closed Ruy Lopez: 7...d6 8 c3 0-0 9 d4} Bh5 14. Nbd2 Qd7 (14... Nxd2 15. Qxd2 Bxf3 16. Qc3 Nxe5 17. dxe5 Be4 18. Rad1 a5 19. Qc6 Qe8 20. Qxc7 Bb4 {½-½ (31) Smirin,I (2667)-L'Ami,E (2605) Wijk aan Zee 2017}) 15. g4 Bg6 $1 {LiveBook: 3 Games} (15... Bxg4 $2 16. hxg4 Qxg4+ 17. Kh1 $18) 16. Nxe4 dxe4 17. d5 $146 (17. e6 fxe6 18. Ne5 Nxe5 19. dxe5 Qc8 20. a4 c5 21. axb5 {1-0 (50) Atoufi,P (2261)-Tang,A (2387) ICC INT 2015}) 17... Nb4 $1 (17... exf3 $6 18. dxc6 Qe8 19. Qxf3 $14) 18. Nd4 $1 Nd3 (18... Nxd5 $2 {[#]} 19. Nc6 $1 {[%mdl 512]} Qxc6 20. Bxd5 $18) 19. Nc6 $1 Nxb2 20. Qe2 $1 {[%cal Re2b2]} (20. Nxe7+ $2 Qxe7 21. Qd2 Nd3 $17) 20... Nd3 21. Rf1 Ba3 {aiming for ...a5.} 22. f4 {And now f5 would win.} exf3 23. Rxf3 Be4 ({Black should try} 23... a5 $11 24. Raf1 a4) 24. Bf2 $1 $14 Nxf2 25. Qxf2 (25. Rxf2 $11 Bg6 26. Qe3) 25... Bc5 $2 (25... Bxd5 26. Rd1 Qxc6 27. Bxd5 $16) (25... Bxf3 $17 26. Qxf3 Be7) 26. Qxc5 Bxf3 27. Qe3 {[#]} Bxg4 $1 ({But not} 27... Bxd5 $6 28. Bxd5 Rae8 29. Qf3 $18) 28. hxg4 Qxg4+ 29. Kf2 a5 ({Better is} 29... Qh4+ $14 30. Qg3 Qe4) 30. Ne7+ $16 {[%mdl 1024] White has strong compensation.} Kh8 31. Rh1 Ra6 $2 (31... f6 $16 32. e6 Rfe8) 32. Bc2 $2 $40 {[%mdl 128] White wants a kill.} (32. Bd1 $18 {and White stays clearly on top.} Qc4 33. Bb3) 32... f5 $2 {[%mdl 8192] [#]} (32... Rh6 $16 33. Bf5 (33. Rxh6 gxh6 34. Qe4 Qg7 $16) 33... Qc4 34. Rxh6 gxh6 35. Qxh6 Qd4+ 36. Kg2 Qb2+ 37. Kh3 (37. Kf3 Qc3+ 38. Qe3 Qb4 $11) 37... Qc3+ 38. Kg4 Qd4+ 39. Qf4 Qc5) 33. d6 $1 $18 {[%mdl 512]} g6 (33... cxd6 34. Bd1) 34. e6 Qc4 35. Qe5+ 1-0

[Event "EIWCC 2017"]
[Site "Riga"]
[Date "2017.04.14"]
[Round "4"]
[White "Osmak, Iulija"]
[Black "Socko, Monika"]
[Result "0-1"]
[WhiteElo "2348"]
[BlackElo "2462"]
[Annotator "TA"]
[PlyCount "100"]
[EventDate "2017.??.??"]
[EventType "swiss"]
[EventCountry "LAT"]
[SourceTitle "playchess.com"]
[Source "ChessBase"]
[SourceQuality "1"]

{[%evp 18,100,35,30,25,24,41,8,34,7,10,0,2,0,0,0,0,0,0,0,8,-39,-19,-22,11,0,18,0,0,7,0,10,16,0,0,0,2,2,2,6,54,27,18,24,24,19,17,0,0,0,11,-20,-20,-20,-24,-50,-43,-41,-52,-116,-117,-116,-108,-166,-199,-608,-589,-666,-660,-658,-621,-731,-640,-1395,-1418,-1612,-1557,-2161,-2105,-1974,-1851,-5173,-2725,-2039,-1476]} 1. e4 c5 2. Nf3 Nc6 3. Bb5 e6 4. O-O Nge7 5. c3 a6 6. Ba4 c4 7. d4 cxd3 {B30: Sicilian: 2...Nc6 3 Bb5, lines without ...g6} 8. Qxd3 b5 (8... Ng6 9. Bxc6 bxc6 10. e5 Be7 11. Nbd2 f6 12. Nc4 fxe5 13. Nfxe5 Nxe5 14. Nxe5 O-O 15. Be3 {½-½ (37) Matinian,N (2495)-Pridorozhni,A (2579) Sochi 2016}) 9. Bc2 Ng6 10. Be3 {LiveBook: 3 Games} Be7 11. Nbd2 Qc7 12. Rfe1 $146 (12. Rad1 Bb7 13. Nb3 d6 14. Nbd4 Nce5 {0-1 (34) Velez,L-Giraldo,L Medellin 2009}) 12... Bb7 13. Rad1 Rc8 14. Bb1 d6 15. Nd4 O-O 16. Qe2 Nxd4 17. cxd4 f5 18. exf5 exf5 19. f3 Bd5 20. Nf1 Rce8 {Strongly threatening ...Bh4.} 21. Qd2 Qb7 {And now ...Bxf3! would win.} 22. Bg5 Bxg5 23. Qxg5 Rxe1 24. Rxe1 Qf7 25. b3 h6 26. Qd2 Qf6 27. Ne3 Qg5 {White must now prevent ...Bxf3.} 28. Qf2 Nf4 29. Qg3 {aiming for Qxg5.} Be6 $1 30. Qxg5 hxg5 31. Kf2 g6 32. Rc1 {White wants to play Rc6.} Rc8 33. Rxc8+ Bxc8 $11 {[%mdl 4096] Endgame KBN-KBN} 34. b4 Ne6 35. Nc2 Bb7 36. Ke3 Nf4 37. g3 Nd5+ 38. Kd3 {[#]} (38. Kd2 $1 $15) 38... Nb6 $1 $17 39. Ne1 g4 {[%cal Bg5g4,Bg4f3][%mdl 32]} 40. Bc2 (40. Ke3 $17 gxf3 41. Kf2) 40... gxf3 $19 ({Stronger than} 40... Bxf3 41. Nxf3 gxf3 42. Bd1 $11) 41. Bb3+ $2 {[#]} (41. Ke3) 41... Nc4 $1 {[%mdl 512] Black is clearly winning.} 42. Bxc4+ bxc4+ {KB-KN} 43. Ke3 c3 44. Nd3 Be4 {Hoping for ...Bxd3.} 45. Nc1 Kf7 46. a4 Ke6 47. b5 axb5 48. axb5 Kd5 49. h4 Kc4 50. b6 Bb7 0-1